LEADER 00839nam0-22003011i-450- 001 990000253760403321 005 20001010 010 $a0-471-21625-9 035 $a000025376 035 $aFED01000025376 035 $a(Aleph)000025376FED01 035 $a000025376 100 $a20001010d--------km-y0itay50------ba 101 0 $aita 105 $ay-------001yy 200 1 $a<>programmed introduction to probability$fJohn R. Dixon. 210 $aNew York$cJohn Wiley & sons$dcopyr. 1964 215 $an. v. 23 cm 610 0 $aProbabilità e statistica 700 1$aDixon,$bJohn R.$012474 801 0$aIT$bUNINA$gRICA$2UNIMARC 901 $aBK 912 $a990000253760403321 952 $a09 042-075$b3794$fDINAE 959 $aDINAE 996 $aProgrammed introduction to probability$9117585 997 $aUNINA DB $aING01 LEADER 00801nam0-2200313---450- 001 990008747620403321 005 20081105122149.0 010 $a8821426467 035 $a000874762 035 $aFED01000874762 035 $a(Aleph)000874762FED01 035 $a000874762 100 $a20081105d2002----km-y0itay50------ba 101 0 $aita 102 $aIT 105 $a--------001yy 200 1 $aVaccini e vaccinazioni$fGiorgio Bartolozzi 210 $aMilano$cMasson$d2002 215 $axvi, 795 p.$d28 cm 610 0 $aVaccini 676 $a614.47 700 1$aBartolozzi,$bGiorgio$0296079 801 0$aIT$bUNINA$gRICA$2UNIMARC 901 $aBK 912 $a990008747620403321 952 $a6 C 38$b1486$fDMEPE 959 $aDMEPE 996 $aVaccini e vaccinazioni$9719821 997 $aUNINA